Sciences par lettre - F - Statistiques

Statistiques générales
  • Ce quiz a été pris 211 fois
  • Le résultat moyen est 13 sur 20
Statistiques - réponses
Indices Réponses % Correct
Situé dans la cuisse, il est l'os le plus long du corps humain Fémur
100%
Élément chimique (de symbole "Fe"), principal constituant de la Tour Eiffel Fer
100%
Moyen de transport permettant d'envoyer des astronautes dans l'espace Fusée
95%
Plus grand organe interne du corps humain, ayant notamment pour rôle de dégrader et d'éliminer les substances toxiques Foie
90%
Quotient de deux nombre entiers, s'écrivant comme ceci : numérateur dénominateur Fraction
88%
Trace d'un ancien organisme vivant (animal / végétal), conservé dans une roche sédimentaire Fossile
85%
Grandeur physique ayant le Newton (N) pour unité Force
83%
Fil en verre très fin (de l'épaisseur d'un cheveu) permettant la transmission de signaux lumineux émis par un laser {Fibre} optique
78%
Changement d'état au cours duquel un corps passe de l'état solide à l'état liquide Fusion
77%
Verrerie de laboratoire couramment employée pour préparer des solutions de concentrations précises (solutions mère, solutions filles…) {Fiole} jaugée
76%
Dépression sous-marine profonde, plus ou moins longue et étroite, à l'image des Mariannes Fosse
68%
Signification de la grandeur " f " dans la relation : f = 1 T (où " T " est la période, exprimée en seconde) Fréquence
68%
Processus biologique, de type lactique par exemple, au cours duquel des micro-organismes (levures, bactéries…) transforment les sucres en d'autres substances (gaz, acides, alcools…) Fermentation
67%
Type de produit phytosanitaire conçu pour éliminer ou limiter le développement des champignons Fongicide
51%
Filament long et mobile, servant d'organe locomoteur aux spermatozoïdes Flagelle
47%
Unité (de symbole " F ") de capacité électrique du Système international Farad
46%
Objet mathématique qui présente une structure similaire à toutes les échelles, à l'image des flocons de neige Fractale
36%
Scientifique britannique, prénommée Rosalind, ayant contribué à la découverte de la structure en double hélice de l'ADN Franklin
27%
Technique permettant de séparer, à l'aide d'un montage Büchner par exemple, les constituants d'un mélange hétérogène Filtration
24%
Zone de la rétine où la vision est la plus nette Fovéa
16%
Aucun quiz correspondant
Distribution des résultats
% des personnes avec chaque résultat
Percentile par nombre de réponses
Votre historique - résultats
Vous n’avez pas pris ce quiz